| LEADER | 01375nam a2200301 a 4500 | ||
|---|---|---|---|
| 001 | GR-Patra16744 | ||
| 008 | 040120s2003 gr g 000 0 gre d | ||
| 020 | |a 9602183225 | ||
| 040 | |a GrPaTEI |b gre |c GR-PaULI | ||
| 040 | |a GrPaTEI |b gre |c GR-PaULI | ||
| 084 | |a Μ | ||
| 100 | 1 | |a Seierstad, Asne | |
| 245 | 1 | 2 | |a Ο βιβλιοπώλης της Καμπούλ / |c Οσνε Σέϊερσταντ ; μετάφραση Άννα Παπαφίγκου ; επιμέλεια Θέμις Μίνογλου. |
| 250 | |a 5η εκδ. | ||
| 260 | |a Αθήνα : |b Κριτική, |c c2003 | ||
| 300 | |a 292σ. | ||
| 490 | 1 | |a COSMOΣ. 3 | |
| 500 | |a Τίτλος πρωτοτύπου: Bokhandleren i Kabul - et familiedrama | ||
| 650 | 4 | |a Ξένη λογοτεχνία |x Μυθιστόρημα | |
| 700 | 1 | |a Μίνογλου, Θέμις | |
| 700 | 1 | |a Παπαφίγκου, Άννα | |
| 710 | 0 | |a Κριτική | |
| 830 | 0 | |1 00116745 |1 2001 |a COSMOΣ ; |v 3 | |
| 942 | |2 ddc | ||
| 952 | |0 0 |1 0 |2 ddc |4 0 |6 Μ_SEI |7 0 |9 296360 |a LISK |b LISK |c BSC |d 2021-01-17 |e 24 |f 0 |g 0.00 |l 0 |o Μ SEI |p 92410023238 |r 2021-01-17 00:00:00 |t 1 |w 2021-01-17 |y BK15 |x 20040120 0 1 |x GrPaTEI | ||
| 952 | |0 0 |1 0 |2 ddc |4 0 |6 Μ_SEI |7 0 |9 296361 |a LISK |b LISK |c BSC |d 2021-01-17 |e 24 |f 0 |g 0.00 |l 0 |o Μ SEI |p 92410025330 |r 2021-01-17 00:00:00 |t 1 |w 2021-01-17 |y BK15 |x 20040701 0 1 |x GrPaTEI | ||
| 971 | |a .b26642591 |b 16-04-20 |c 23-09-16 | ||
| 999 | |c 172743 |d 172743 | ||